European Language Words Tile Select - Statistics

General Stats
  • This quiz has been taken 19 times
  • The average score is 67 of 90
Answer Stats
Question Tile Select % Correct
words that mean "Goodbye" Adiós Yes
100%
words that mean "Friend" Amigo Yes
100%
words that mean "Love" Augmenter No
100%
words that mean "Hello" Hola Yes
100%
words that mean "Goodbye" Platano No
100%
words that mean "Hello" Spesenritter No
100%
words that mean "Hello" Sprezzatura No
100%
words that mean "Friend" Tambour No
100%
words that mean "Love" Amar Yes
94%
words that mean "Pineapple" Ananas Yes
94%
words that mean "Goodbye" Auf Wiedersehen Yes
94%
words that mean "Dog" Dohoda No
94%
words that mean "Hello" Duende No
94%
words that mean "Pineapple" Eerlijk No
94%
words that mean "Love" Führen No
94%
words that mean "Thank You" Gracias Yes
94%
words that mean "Hello" Hej Yes
94%
words that mean "Goodbye" Kočka No
94%
words that mean "Thank You" Ledning No
94%
words that mean "Pineapple" Mekkaniku No
94%
words that mean "Thank You" Merci Yes
94%
words that mean "Dog" Mirada No
94%
words that mean "Name" Nome Yes
94%
words that mean "Please" Per favore Yes
94%
words that mean "Thank You" Protokol No
94%
words that mean "Pineapple" Saoirse No
94%
words that mean "Thank You" Sihtkoht No
94%
words that mean "Goodbye" Spital No
94%
words that mean "Friend" Spraak No
94%
words that mean "Name" Strwythur No
94%
words that mean "Dog" Tekstur No
94%
words that mean "Pineapple" Ananász Yes
89%
words that mean "Please" Avea loc No
89%
words that mean "Hello" Bonjour Yes
89%
words that mean "Thank You" Danke Yes
89%
words that mean "Beer" Doux No
89%
words that mean "Name" Esperanza No
89%
words that mean "Name" Flut No
89%
words that mean "Dog" Hund Yes
89%
words that mean "Hello" Hygge No
89%
words that mean "Dog" Igual No
89%
words that mean "Beer" Lisama No
89%
words that mean "Love" Muga No
89%
words that mean "Dog" Perro Yes
89%
words that mean "Pineapple" Piña Yes
89%
words that mean "Pineapple" Pintor No
89%
words that mean "Friend" Beter No
83%
words that mean "Beer" Bier Yes
83%
words that mean "Dog" Chien Yes
83%
words that mean "Please" Krafa No
83%
words that mean "Love" Pijn No
83%
words that mean "Goodbye" Ratsastaa No
83%
words that mean "Beer" Bistecca No
78%
words that mean "Beer" Cerveja Yes
78%
words that mean "Friend" Comporta No
78%
words that mean "Pineapple" Anann Yes
72%
words that mean "Beer" Bæta No
72%
words that mean "Please" Drzewny No
72%
words that mean "Friend" Ffrind Yes
72%
words that mean "Hello" God dag Yes
72%
words that mean "Love" Ljubezen Yes
72%
words that mean "Thank You" Obrigado Yes
72%
words that mean "Name" Sommeil No
72%
words that mean "Dog" Câine Yes
67%
words that mean "Thank You" Cynradd No
67%
words that mean "Please" Grapat No
67%
words that mean "Goodbye" Hej då Yes
61%
words that mean "Please" Prosim Yes
61%
words that mean "Hello" Dzień dobry Yes
56%
words that mean "Beer" Pivo Yes
56%
words that mean "Goodbye" Dovidenia Yes
50%
words that mean "Name" Ime Yes
50%
words that mean "Pineapple" Pîn-afal Yes
50%
words that mean "Thank You" D'akujem Yes
44%
words that mean "Name" Emër Yes
33%
words that mean "Friend" Mik Yes
33%
words that mean "Name" Nazwa Yes
33%
words that mean "Love" Szerelem Yes
33%
words that mean "Goodbye" Tot ziens Yes
33%
words that mean "Friend" Venn Yes
33%
words that mean "Love" Grá Yes
28%
words that mean "Dog" Kutya Yes
28%
words that mean "Please" Mesedez Yes
28%
words that mean "Name" Nosaukums Yes
28%
words that mean "Please" Molim Yes
22%
words that mean "Beer" Olut Yes
22%
words that mean "Friend" Přítel Yes
22%
words that mean "Beer" Sör Yes
22%
words that mean "Love" Mīlestība Yes
17%
words that mean "Please" Alsjeblieft Yes
6%
No matching quizzes found
Score Distribution
Percent of People with Each Score
Percentile by Number Answered
Your Score History
You have not taken this quiz